Historia del Teatro Contemporáneo: de la ilustración a la posmodernidad siglos XVIII, XIX y XX

El libro nació por la inquietud de quien fuera profesor titular de Teatro en la Universidad de Chile, su trayectoria como docente levantó la necesidad personal y profesional de un texto que, como el nombre lo dice, contuviera la historia del teatro contemporáneo. Así, la investigación y la experienc...

Full description

Bibliographic Details
Main Author: Latorre Vásquez, Remberto 1939-
Format: Libro
Language:Spanish
Published: Chillan Viejo: Ediciones Investigación Cultural y Desarrollo, Museo Adriana Vásquez Román de Rengo, 2014.
Series:Elefante
Subjects:
Online Access:

MARC

LEADER 00000cam a22000007a 4500
003 UAHC
005 20190731064554.0
008 180824s2014 cl ||||| |||| 00| 0 spa d
952 |0 0  |1 0  |2 ddc  |4 0  |6 792_090000000000000_LAT  |7 0  |8 COMP  |9 90505  |a BS  |b BS  |c General  |d 2018-08-27  |e Donación  |g 6000.00  |l 2  |o 792.09 LAT  |p 1443134  |r 2025-11-26 00:00:00  |s 2022-04-05  |t c.1  |v 6000.00  |w 2018-08-27  |y BK  |B TEATRO 
999 |c 51085  |d 51085 
020 |a 9789569159091 
035 |a ARTES 
040 |a UAHC_CL  |c UAHC_CL  |d UAHC_CL 
082 |2 21  |b L358  |a 792.09 
100 |9 4592  |a Latorre Vásquez, Remberto  |d 1939- 
245 |a Historia del Teatro Contemporáneo:  |b de la ilustración a la posmodernidad siglos XVIII, XIX y XX  |c Remberto Latorre Vásquez. 
260 |a Chillan Viejo:  |b Ediciones Investigación Cultural y Desarrollo,  |b Museo Adriana Vásquez Román de Rengo,  |c 2014. 
300 |a 417 p. 
440 |9 4593  |a Elefante 
520 |a El libro nació por la inquietud de quien fuera profesor titular de Teatro en la Universidad de Chile, su trayectoria como docente levantó la necesidad personal y profesional de un texto que, como el nombre lo dice, contuviera la historia del teatro contemporáneo. Así, la investigación y la experiencia en Remberto Latorre dieron vida a lo que se podría describir, no solo como documentos cronológicos, sino como un manual para el ámbito pedagógico. El carácter contemporáneo del libro busca un acercamiento a la historia abarcando el teatro realista, expresionista, todas las manifestaciones estilísticas y también los contenido sociológicos que enmarcaron esos procesos, para ello describe las características generales del primer periodo, grecolatino, el segundo período, renacentista-barroco, el moderno con el iluminismo del siglo XVIII , el romanticismo del siglo XIX y el expresionismo y posmodernismo del siglo XX. El libro también reconoce la influencia del teatro universitario en Chile que, sin duda, marcó una época. Bajo esta lógica es que la investigación permitió a Remberto Latorre aproximarse a los desafíos que hoy enfrenta el teatro nacional de la mano con un análisis de lo que hoy es esta disciplina en nuestro país. 
650 0 |9 4640  |a Teatro  |x Historia  |y Siglos 18-20 
650 0 |a Drama  |x Historia y crítica  |y Siglos 18-20  |9 4641 
942 |2 ddc  |c BK